000 00260nam a2200097Ia 4500
001 1206592
005 20251017105405.0
008 250824s9999 xx 000 0 und d
245 0 _aHAYATTAN SAHİFELER
_cHÜSEYİN RAHMİ GÜRPINAR
260 _bPALET YAYINLARI
999 _c1206592
_d1206592